Mestský úrad informuje

Bibliographic Details
Main Author: Muľ, Emil (Author)
Format: Article
Language:Slovak
PhysicalDescription:Tab.
Subjects:

MARC

LEADER 00000nab a2200000 ar4500
001 vtls010644605
003 SK-MaSNL
005 20260305040147.0
008 141222c20140120xo mr|p|||||||000 b|slo
038 |a SNSK 
040 |b slo  |c SNSK  |e AACR2 
041 |a slo 
044 |a xo  |c SK 
080 |a 352  |x (437.6)  |2 2001 
100 1 |a Muľ, Emil  |4 aut  |9 1619563 
245 1 0 |a Mestský úrad informuje  |c Emil Muľ 
300 |b Tab. 
610 1 7 |a Krompachy (Slovensko).  |b Mestský úrad  |2 snsk 
650 0 7 |a činnosť  |2 snsk  |9 282874 
650 0 7 |a Organizačná štruktúra. Hierarchia  |2 snsk  |9 1608857 
651 7 |a Krompachy (Slovensko)  |2 snsk  |9 43389 
651 7 |a Spišská Nová Ves (Slovensko : okres)  |2 snsk  |9 22259 
773 0 |t Krompašský spravodajca  |g Roč. 24, č. [1] (20.1.2014), s. 3 
852 |a SNSK  |b KIS3GCP 
999 |c 3336974  |d 3338904